000 00391nam a2200121Ia 4500
008 220204s9999 xx 000 0 und d
082 _a612.397
_bNAJ
245 0 _aFat metabolism: A symposium on the clinical and biochemical aspects of fat utilization in health and disease
260 _aBaltimore
_bJohn Hopkins
_c1954
650 _aFat metabolism
700 _aNajjar, Victor A
942 _cBK
999 _c21274
_d21274